000 00394nam a22001457a 4500
999 _c3862
_d3862
008 200703b ||||| |||| 00| 0 eng d
082 0 0 _a621.38195835
_bC1324
100 _93186
_aCahill, S. J.
245 1 0 _aDigital and microprocessor engineering /
_cby S. J. Cahill
250 _a1st ed.
260 _a[s.l.]
_bEllis Horwood
_c1982
300 _a513 p.
650 0 _aMicroprocessors
942 _cBK